Normal view
MARC view
Entry Topical Term
001 - CONTROL NUMBER
- control field: 49939
003 - CONTROL NUMBER IDENTIFIER
- control field: OSt
005 - DATE AND TIME OF LATEST TRANSACTION
- control field: 20160402120938.0
008 - FIXED-LENGTH DATA ELEMENTS
- fixed length control field: 160402|| aca||aabn | a|a d
040 ## - CATALOGING SOURCE
- Original cataloging agency: OSt
- Transcribing agency: OSt
150 ## - HEADING--TOPICAL TERM
- Topical term or geographic name entry element: Education
670 ## - SOURCE DATA FOUND
- Source citation: Work cat.: (OSt)21962: प्रो मधुसूदन त्रिपाठी 49695, भारतीय शिक्षा का विश्वकोश , 2009









